000 00754njm a22002177a 4500
005 20100910100728.0
007 sd ammalaaahaa
008 100910t xxu||||| |||| 00| 0 eng d
028 _a3082
_breprise
035 _aGR-01743
040 _aSED/VEN
100 _aMendez, Tomas
_91184
245 _aCu cu rru cu cu, paloma Part 1 /
_cby Tomas Mendez
_h[sound recording] :
260 _aDum Dum, India
_breprise
_c1966
300 _a1 sound disc [Gramophone record] :
_banalog, 45. rpm
_c7 in.
_fGramophone record
500 _aBrief record.
505 _aIf i had a hammer Part 2 (Hays-Seeger)
650 _aEnglish Song
_xExcerpts
_zIndia
_919315
942 _2ddc
_cGR
999 _c45147
_d45147